Urban health (Record no. 3429)
[ view plain ]
| 000 -LEADER | |
|---|---|
| fixed length control field | 00788nam a22002297a 4500 |
| 001 - CONTROL NUMBER | |
| control field | 3048962 |
| 005 - DATE AND TIME OF LATEST TRANSACTION | |
| control field | 20250204152302.0 |
| 007 - PHYSICAL DESCRIPTION FIXED FIELD--GENERAL INFORMATION | |
| fixed length control field | he|amb---bacp |
| 007 - PHYSICAL DESCRIPTION FIXED FIELD--GENERAL INFORMATION | |
| fixed length control field | he|bmb---baap |
| 008 - FIXED-LENGTH DATA ELEMENTS--GENERAL INFORMATION | |
| fixed length control field | 951019s1994 ii bb 000 0 eng |
| 020 ## - INTERNATIONAL STANDARD BOOK NUMBER | |
| International Standard Book Number | 8185458618 |
| 050 00 - LIBRARY OF CONGRESS CALL NUMBER | |
| Classification number | RA529 |
| Item number | .Y47 |
| 100 1# - MAIN ENTRY--PERSONAL NAME | |
| Personal name | Valame, Asilata S. |
| 245 10 - TITLE STATEMENT | |
| Title | Urban health |
| Medium | [microform] : |
| Remainder of title | an annotated bibliography / |
| Statement of responsibility, etc. | compiled by Asilata S. Valame. |
| 260 ## - PUBLICATION, DISTRIBUTION, ETC. | |
| Place of publication, distribution, etc. | Bombay : |
| Name of publisher, distributor, etc. | Documentation Cell, Dept. of Health Services Studies, Tata Institute of Social Sciences, |
| Date of publication, distribution, etc. | c1994. |
| 300 ## - PHYSICAL DESCRIPTION | |
| Extent | 85 p. ; |
| Dimensions | 28 cm. |
| 500 ## - GENERAL NOTE | |
| General note | Copyright: Tata Institute of Social Sciences. |
| 500 ## - GENERAL NOTE | |
| General note | Master microform held by: DLC. |
| 650 #0 - SUBJECT ADDED ENTRY--TOPICAL TERM | |
| Topical term or geographic name entry element | Rural health |
| General subdivision | Bibliography. |
| 710 2# - ADDED ENTRY--CORPORATE NAME | |
| Corporate name or jurisdiction name as entry element | Tata Institute of Social Sciences. |
| 942 ## - ADDED ENTRY ELEMENTS (KOHA) | |
| Source of classification or shelving scheme | Library of Congress Classification |
| Koha item type | Books |
| Suppress in OPAC | No |
| 999 ## - | |
| -- | 3429 |
| -- | 3429 |
| Withdrawn status | Lost status | Source of classification or shelving scheme | Damaged status | Not for loan | Collection | Home library | Current library | Shelving location | Date acquired | Total checkouts | Full call number | Barcode | Date last seen | Copy number | Price effective from | Koha item type |
|---|---|---|---|---|---|---|---|---|---|---|---|---|---|---|---|---|
| Library of Congress Classification | Non-fiction | Science Library (Miotso) | Science Library (Miotso) | General stacks | 02/04/2025 | RA529 .Y47 YES | SLM00002848 | 02/04/2025 | 1 | 02/04/2025 | Books |